Southville International School and Colleges
Your cart is empty.
  • Cart
  • Lists
    Public lists Eva Luna New books Lux_list list_1
    Your lists Log in to create your own lists
  • Log in to your account
  • Your cookies
  • Search history
Southville International School and Colleges
  • Advanced search
  • Recent comments
  • Most popular
  • Libraries

Log in to your account

Log in with GOOGLE


If you do not have an external account, but do have a local account, you can still log in:

  1. Home
  2. MARC view: Tourism management /
Normal view MARC view ISBD view

Tourism management / (Record no. 277314)

[ view plain ]
MARC details
000 -LEADER
fixed length control field 01259cam a22002777a 4500
001 - CONTROL NUMBER
control field SSB051688
003 - CONTROL NUMBER IDENTIFIER
control field SISC
005 - DATE AND TIME OF LATEST TRANSACTION
control field 20170116093528.0
008 - FIXED-LENGTH DATA ELEMENTS--GENERAL INFORMATION
fixed length control field
020 ## - INTERNATIONAL STANDARD BOOK NUMBER
International Standard Book Number 9781118644812
050 00 - LIBRARY OF CONGRESS CALL NUMBER
Classification number G 155.A1
Item number .W379 2014
100 1# - MAIN ENTRY--PERSONAL NAME
Personal name Weaver, David Bruce.
245 10 - TITLE STATEMENT
Title Tourism management /
Statement of responsibility, etc David Weaver, Laura Lawton.
250 ## - EDITION STATEMENT
Edition statement 5th edition.
260 ## - PUBLICATION, DISTRIBUTION, ETC. (IMPRINT)
Place of publication, distribution, etc Milton, Qld. :
Name of publisher, distributor, etc John Wiley & Sons,
Date of publication, distribution, etc 2014.
300 ## - PHYSICAL DESCRIPTION
Extent xiii, 430 pages :
Other physical details illustrations ;
Dimensions 25 cm.
500 ## - GENERAL NOTE
General note Includes glossary and index.
504 ## - BIBLIOGRAPHY, ETC. NOTE
Bibliography, etc Includes bibliographical references and index.
505 ## - FORMATTED CONTENTS NOTE
Formatted contents note Chapter 1 Introduction to tourism management Chapter 2 The tourism system Chapter 3 The evolution and growth of tourism Chapter 4 Destinations Chapter 5 The tourism product Chapter 6 Tourist markets Chapter 7 Tourism marketing Chapter 8 Economic impacts of tourism Chapter 9 Sociocultural and environmental impacts of tourism Chapter 10 Destination development Chapter 11 Sustainable tourism Chapter 12 Tourism research.
521 ## - TARGET AUDIENCE NOTE
Target audience note Tourism
650 #0 - SUBJECT ADDED ENTRY--TOPICAL TERM
Topical term or geographic name as entry element Tourism
Geographic subdivision Australia
General subdivision Marketing.
650 #0 - SUBJECT ADDED ENTRY--TOPICAL TERM
Topical term or geographic name as entry element Tourism
Geographic subdivision Australia
General subdivision Management.
650 #0 - SUBJECT ADDED ENTRY--TOPICAL TERM
Topical term or geographic name as entry element Ecotourism
Geographic subdivision Australia.
700 1# - ADDED ENTRY--PERSONAL NAME
Personal name Lawton, Laura.
942 ## - ADDED ENTRY ELEMENTS (KOHA)
Source of classification or shelving scheme Library of Congress Classification
Koha item type Books
Call number prefix Foreign
Holdings
Withdrawn status Lost status Source of classification or shelving scheme Damaged status Home library Current library Shelving location Date acquired Source of acquisition Sub Shelving location Total Checkouts Total Renewals Full call number Barcode Date last seen Date checked out Price effective from Koha item type
    Library of Congress Classification   College Library College Library Reserve Section 01/22/2015 Library Fund   1 25 G 155.A1 .W379 2014 C19069 05/15/2018 06/27/2017 01/22/2015 Books

Tourism management /

APA

Weaver D. B., Lawton L., . (2014). Tourism management. Milton, Qld: John Wiley & Sons.

Chicago

Weaver David Bruce, Lawton Laura, . 2014. Tourism management. Milton, Qld: John Wiley & Sons.

Harvard

Weaver D. B., Lawton L., . (2014). Tourism management. Milton, Qld: John Wiley & Sons.

MLA

Weaver David Bruce, Lawton Laura, . Tourism management. Milton, Qld: John Wiley & Sons. 2014.

  • Place hold
  • Print
  • Cite
  • Add to your cart (remove)
  • Save record
    BIBTEX Dublin Core MARCXML MARC (non-Unicode/MARC-8) MARC (Unicode/UTF-8) MARC (Unicode/UTF-8, Standard) MODS (XML) RIS
  • More searches
    Search for this title in:
    Other Libraries (WorldCat) Other Databases (Google Scholar) Online Stores (Bookfinder.com) Open Library (openlibrary.org)

Exporting to Dublin Core...

SOUTHVILLE LIBRARY

Southville International School and Colleges Library

1281 Tropical Ave. Cor. Luxembourg St., BF Homes International, Las Pinas City

Tel. No. 8256374 / 252358 Loc. 117/146

Powered by Koha